Wszystkie Trofea Reprezentacyjne w XXI w. - Statystyki

Ogólne statystyki
  • Ten quiz został rozwiązany 114 razy
  • Średni wynik to 65 z 74
Statystyki odpowiedzi
Rok Kraj % Poprawnych
Mistrzostwa Świata 2010 Hiszpania
99%
Mistrzostwa Europy 2008 Hiszpania
99%
Mistrzostwa Europy 2012 Hiszpania
99%
Mistrzostwa Europy 2024 Hiszpania
99%
Igrzyska Olimpijskie 2024 Hiszpania
99%
Liga Narodów UEFA 2022/23 Hiszpania
99%
Mistrzostwa Świata 2002 Brazylia
98%
Igrzyska Olimpijskie 2016 Brazylia
98%
Igrzyska Olimpijskie 2021 Brazylia
98%
Puchar Konfederacji 2005 Brazylia
98%
Puchar Konfederacji 2009 Brazylia
98%
Puchar Konfederacji 2013 Brazylia
98%
Copa America 2004 Brazylia
98%
Copa America 2007 Brazylia
98%
Copa America 2019 Brazylia
98%
Mistrzostwa Świata 2018 Francja
98%
Puchar Konfederacji 2001 Francja
98%
Puchar Konfederacji 2003 Francja
98%
Liga Narodów UEFA 2020/21 Francja
98%
Mistrzostwa Europy 2016 Portugalia
98%
Liga Narodów UEFA 2018/19 Portugalia
98%
Liga Narodów UEFA 2024/25 Portugalia
98%
Mistrzostwa Świata 2022 Argentyna
96%
Igrzyska Olimpijskie 2004 Argentyna
96%
Igrzyska Olimpijskie 2008 Argentyna
96%
Finalissima 2022 Argentyna
96%
Copa America 2021 Argentyna
96%
Copa America 2024 Argentyna
96%
Mistrzostwa Świata 2006 Włochy
96%
Mistrzostwa Europy 2021 Włochy
96%
Puchar Azji 2015 Australia
94%
Puchar Narodów Oceanii 2004 Australia
94%
Mistrzostwa Świata 2014 Niemcy
94%
Puchar Konfederacji 2017 Niemcy
94%
Mistrzostwa Europy 2004 Grecja
92%
Puchar Azji 2004 Japonia
92%
Puchar Azji 2011 Japonia
92%
Copa America 2015 Chile
90%
Copa America 2016 Chile
90%
Puchar Narodów Afryki 2006 Egipt
88%
Puchar Narodów Afryki 2008 Egipt
88%
Puchar Narodów Afryki 2010 Egipt
88%
Puchar Narodów Oceanii 2002 Nowa Zelandia
88%
Puchar Narodów Oceanii 2008 Nowa Zelandia
88%
Puchar Narodów Oceanii 2016 Nowa Zelandia
88%
Puchar Narodów Oceanii 2024 Nowa Zelandia
88%
Copa America 2011 Urugwaj
88%
Złoty Puchar CONCACAF 2002 Stany Zjednoczone
87%
Złoty Puchar CONCACAF 2005 Stany Zjednoczone
87%
Złoty Puchar CONCACAF 2007 Stany Zjednoczone
87%
Złoty Puchar CONCACAF 2013 Stany Zjednoczone
87%
Złoty Puchar CONCACAF 2017 Stany Zjednoczone
87%
Złoty Puchar CONCACAF 2021 Stany Zjednoczone
87%
Igrzyska Olimpijskie 2012 Meksyk
86%
Złoty Puchar CONCACAF 2003 Meksyk
86%
Złoty Puchar CONCACAF 2009 Meksyk
86%
Złoty Puchar CONCACAF 2011 Meksyk
86%
Złoty Puchar CONCACAF 2015 Meksyk
86%
Złoty Puchar CONCACAF 2019 Meksyk
86%
Złoty Puchar CONCACAF 2023 Meksyk
86%
Puchar Narodów Afryki 2021 Senegal
86%
Copa America 2001 Kolumbia
84%
Puchar Narodów Afryki 2015 WKS
81%
Puchar Narodów Afryki 2023 WKS
81%
Puchar Narodów Afryki 2019 Algieria
78%
Puchar Narodów Afryki 2002 Kamerun
75%
Puchar Narodów Afryki 2017 Kamerun
75%
Puchar Narodów Afryki 2013 Nigeria
72%
Puchar Azji 2019 Katar
63%
Puchar Azji 2023 Katar
63%
Puchar Narodów Afryki 2004 Tunezja
59%
Puchar Azji 2007 Irak
46%
Puchar Narodów Afryki 2012 Zambia
37%
Puchar Narodów Oceanii 2012 Tahiti
20%
Nie znaleziono quizów pasujących do podanych kryteriów
Rozkład punktacji
Procent ludzi z każdym wynikiem
Percentyl według liczby udzielonych odpowiedzi
Twoja historia wyników
Nie rozwiązałeś tego quizu